00764nam a22002657a 4500003000200000005001700002008000200019010001300021020002200034035002300056037001600079040001500095082001600110100002000126245011000146246000600256250001200262260005100274270001600325300002500341500003600366650005500402650002100457700002000478020180806110507.00 aA-689326 c00.00a8170583055 aA-689326, A-689330 bCen Lib/Ret aDPLbENc0 a181.45bAUR aAurobindo, Sri  aThe message of the gita :cby Sri aurobindo; edited by Anilbaran Roy bwith text, translation and notes / b  a5th ed. bSri Aurobindo Ashram Trust aPondichery c1993 bPondichery  axix, 306p.c19cm(Hb) aIncludes appendix and glossary  aBhagavadgītā -- Criticism, interpretation, etc aBhagavadgītā aRoy, Anilbaran